50 U.S States by a Single Clue - Statistics

General Stats
  • This quiz has been taken 2,073 times
  • The average score is 33 of 50
Answers on the Map
Answers color-coded by a green-red scale on the quiz's map according to % correct below.
 
Answer Stats
Clue State % Correct
Was Bombed by the Japanese in 1941 Hawaii
92%
Borders Maine New Hampshire
86%
Silicon, Napa, and Death California
84%
Used to be part of Russia Alaska
83%
Famous for Peaches Georgia
82%
Toto, I don't think we're in ______ Anymore! Kansas
82%
Abbreviated MO Missouri
82%
Home to Mount Rushmore South Dakota
82%
Has the cities of Newport and Providence Rhode Island
81%
Home to the Grand Canyon Arizona
80%
Home to Las Vegas Nevada
80%
Mostly Panhandle and Peninsula Florida
77%
Home to the Great Salt Lake Utah
76%
The Capital is known for Car Racing Indiana
75%
Everything is Bigger Here Texas
75%
Means "Green Mountain" in French Vermont
74%
The Capital is Charleston West Virginia
74%
Known for Cajun Food Louisiana
73%
Elvis Presley lived here Tennessee
73%
Least Populous State Wyoming
72%
Home to Rocky Mountain National Park Colorado
70%
Donated Land to become Washington D.C Maryland
70%
The First State Delaware
69%
Famous for Cheese Wisconsin
68%
Produces the Most Potatoes Idaho
67%
Where Lincoln Lived Illinois
66%
The Jamestown Settlement was here Virginia
66%
Where "To Kill a Mockingbird" Takes Place Alabama
65%
Buckeye State Ohio
63%
Almost went to war with Ohio Michigan
62%
Cornhusker State Nebraska
62%
Produces the most Corn Iowa
61%
Northernmost State in the Lower 48 Minnesota
61%
Home to Duke University North Carolina
61%
Home to the town of Hershey Pennsylvania
60%
Most Densely Populated State New Jersey
59%
Had the Largest Tornado in History in 2013 Oklahoma
58%
North of Long Island Sound Connecticut
57%
Stephen King lives here Maine
55%
Jaws was based here Massachusetts
52%
Changed its state flag in 2020 Mississippi
52%
Most Bigfoot sightings happen here Washington
51%
The Battle of Little Bighorn happened here Montana
49%
First State to Secede from the Union South Carolina
49%
Home to Mammoth Cave National Park Kentucky
42%
Where "Sleepy Hollow" is New York
41%
Only State to have Diamonds Arkansas
38%
Only State Flag with two different sides Oregon
37%
Part of the Gadsden Purchase New Mexico
36%
Least forested state in the country North Dakota
33%
No matching quizzes found
Score Distribution
Percent of People with Each Score
Percentile by Number Answered
Your Score History
You have not taken this quiz